| 000 | 01258nam a2200301 a 4500 | ||
|---|---|---|---|
| 001 | 000013715 | ||
| 005 | 20250227073854.0 | ||
| 008 | 091127s1987 dr 000 0 spa d | ||
| 020 | _a8489525307 | ||
| 040 |
_aDO-SdBNP _bspa _cBNPHU |
||
| 082 |
_a378.198 _bM542u |
||
| 100 | 1 |
_aMenéndez Alarcón, Antonio B. _931157 |
|
| 245 | 1 | 3 |
_aEl universitario dominicano : _bencuesta sobre actitudes, costumbres y expectativas / _cAntonio B. Menéndez Alarcón ; prólogo José Alcántara Almánzar. |
| 260 |
_aSanto Domingo : _bINTEC, _c1987. |
||
| 300 |
_a166 p. ; _c24 cm. |
||
| 500 | _aIncluye índice de tablas | ||
| 504 | _aBibliografía : p. 159-161 | ||
| 590 | _aInventariado, 2018/MFF | ||
| 650 | 4 |
_aEstudiantes universitarios _zRepública Dominicana _96092 |
|
| 650 | 4 |
_aEstudiantes universitarios _xAspectos sociales _96093 |
|
| 650 | 4 |
_aEstudiantes universitarios _xAspectos económicos _931158 |
|
| 650 | 4 |
_aEstudiantes universitarios _xAspectos morales _931159 |
|
| 650 | 4 |
_aEstudiantes universitarios _xActividades políticas _931160 |
|
| 650 | 4 |
_aEncuestas educativas _931161 |
|
| 700 | 1 | 2 |
_aAlcántara Almánzar, José _d1946- _epról. _97018 |
| 710 | 2 |
_aInstituto Tecnológico de Santo Domingo _978911 |
|
| 910 | _aValidado. Control de calidad MFF | ||
| 999 |
_c13328 _d13328 |
||